[Event "Titled Tuesday intern op 13th Oct"]
[Site "Chess.com INT"]
[Date "2020.10.13"]
[Round "6"]
[White "Iljin, Timofey"]
[Black "Skulener, Wladimir"]
[Result "0-1"]
[WhiteElo "2273"]
[BlackElo "2370"]
[PlyCount "134"]
[EventDate "2020.10.13"]
[EventType "swiss (blitz)"]
[EventRounds "10"]
[EventCountry "USA"]
[SourceTitle "CBM 198 Extra"]
[Source "ChessBase"]
[SourceDate "2020.11.30"]
[SourceVersion "1"]
[SourceVersionDate "2020.11.30"]
[SourceQuality "1"]

1. d4 f5 2. c4 Nf6 3. Nc3 d6 4. Bg5 Nbd7 5. Qc2 g6 6. h4 Bg7 7. 0-0-0 c6 8. e3 Qa5 9. Bd3 e5 10. f3 h6 11. Bxf6 Nxf6 12. h5 Nxh5 13. g4 Nf6 14. gxf5 g5 15. Nge2 Bd7 16. f4 exf4 17. exf4 g4 18. Ng3 0-0-0 19. d5 h5 20. Nge4 Nxe4 21. Bxe4 c5 22. f6 Bxf6 23. Bf5 Bxc3 24. Bxd7+ Rxd7 25. Qxc3 Qxc3+ 26. bxc3 h4 27. Rdg1 Rg7 28. Kd2 g3 29. Rh3 Rg4 30. Ke3 Rf8 31. Rf1 Rfxf4 32. Rxf4 Rxf4 33. Kxf4 g2 34. Rxh4 g1Q 35. Rh8+ Kc7 36. Rh7+ Kb6 37. Rh6 Qf2+ 38. Kg5 Qe3+ 39. Kh5 Qe5+ 40. Kg4 Ka5 41. Re6 Qh2 42. Kf5 Qg3 43. Kf6 Qxc3+ 44. Ke7 Qxc4 45. Kxd6 Qd4 46. Re5 c4 47. Ke6 c3 48. d6+ Kb6 49. Rd5 Qxd5+ 50. Kxd5 c2 51. d7 Kc7 52. Ke6 Kd8 53. Kd6 c1Q 54. a4 Qc6+ 55. Ke5 Qxa4 56. Kd6 Qc6+ 57. Ke5 Kxd7 58. Kd4 a5 59. Ke5 a4 60. Kd4 a3 61. Ke5 a2 62. Kf5 a1Q 63. Kf4 Qa5 64. Ke3 Qc4 65. Kf2 Qa3 66. Kg1 Qc2 67. Kh1 Qa1# 0-1

[Event "Titled Tuesday intern op 13th Oct"]
[Site "Chess.com INT"]
[Date "2020.10.13"]
[Round "2"]
[White "Klepikov, Nikita"]
[Black "Skulener, Wladimir"]
[Result "1/2-1/2"]
[WhiteElo "2199"]
[BlackElo "2370"]
[PlyCount "81"]
[EventDate "2020.10.13"]
[EventType "swiss (blitz)"]
[EventRounds "10"]
[EventCountry "USA"]
[SourceTitle "CBM 198 Extra"]
[Source "ChessBase"]
[SourceDate "2020.11.30"]
[SourceVersion "1"]
[SourceVersionDate "2020.11.30"]
[SourceQuality "1"]

1. e4 Nf6 2. e5 Nd5 3. d4 d6 4. c4 Nb6 5. exd6 cxd6 6. Nc3 g6 7. Be3 Bg7 8. Rc1 0-0 9. b3 Bf5 10. Nge2 d5 11. c5 Nc8 12. Ng3 Nc6 13. h4 e6 14. h5 N8e7 15. Be2 e5 16. hxg6 Bxg6 17. Nb5 f5 18. Bg5 a6 19. Nd6 Nxd4 20. Nh5 Bxh5 21. Bxh5 b6 22. b4 a5 23. a3 axb4 24. axb4 bxc5 25. bxc5 Ra2 26. Bf7+ Rxf7 27. Nxf7 Kxf7 28. Rxh7 Qa5+ 29. Kf1 Qb5+ 30. Kg1 Ne2+ 31. Kh1 Kg6 32. Bxe7 Kxh7 33. c6 Ra4 34. c7 Qa6 35. Qxa4 Qxa4 36. c8Q Nxc1 37. Qxf5+ Kg8 38. Qe6+ Kh7 39. Qf5+ Kh8 40. Qc8+ Kh7 41. Qf5+ 1/2-1/2

[Event "Titled Tuesday intern op 13th Oct"]
[Site "Chess.com INT"]
[Date "2020.10.13"]
[Round "7"]
[White "Skulener, Wladimir"]
[Black "Maltsevskaya, Aleksandra"]
[Result "1-0"]
[WhiteElo "2370"]
[BlackElo "2260"]
[PlyCount "75"]
[EventDate "2020.10.13"]
[EventType "swiss (blitz)"]
[EventRounds "10"]
[EventCountry "USA"]
[SourceTitle "CBM 198 Extra"]
[Source "ChessBase"]
[SourceDate "2020.11.30"]
[SourceVersion "1"]
[SourceVersionDate "2020.11.30"]
[SourceQuality "1"]

1. d4 Nf6 2. c4 c5 3. Nf3 cxd4 4. Nxd4 g6 5. Nc3 Bg7 6. e4 d6 7. Be2 0-0 8. Be3 Nc6 9. 0-0 Qa5 10. Nb3 Qd8 11. Rc1 Be6 12. c5 Bxb3 13. Qxb3 dxc5 14. Bxc5 Nd4 15. Qc4 Nxe2+ 16. Qxe2 b6 17. Ba3 Re8 18. Rfd1 Qb8 19. Nb5 Qf4 20. g3 Qg5 21. Nc7 Ng4 22. h4 Qh5 23. Nxa8 Rxa8 24. Bxe7 Re8 25. Rd5 Be5 26. Bd6 Qh6 27. Rcd1 Bxd6 28. Qxg4 Bc5 29. Rd8 Rxd8 30. Rxd8+ Kg7 31. Qe2 Qc1+ 32. Rd1 Qh6 33. Kg2 Kg8 34. e5 Qf8 35. e6 fxe6 36. Qxe6+ Kh8 37. Qe5+ Kg8 38. Rd2 1-0

[Event "Titled Tuesday intern op 13th Oct"]
[Site "Chess.com INT"]
[Date "2020.10.13"]
[Round "1"]
[White "Skulener, Wladimir"]
[Black "Ziatdinov, Raset"]
[Result "1-0"]
[WhiteElo "2370"]
[BlackElo "2213"]
[PlyCount "47"]
[EventDate "2020.10.13"]
[EventType "swiss (blitz)"]
[EventRounds "10"]
[EventCountry "USA"]
[SourceTitle "CBM 198 Extra"]
[Source "ChessBase"]
[SourceDate "2020.11.30"]
[SourceVersion "1"]
[SourceVersionDate "2020.11.30"]
[SourceQuality "1"]

1. d4 d5 2. Nf3 e6 3. c4 Nf6 4. Qc2 Be7 5. Bg5 0-0 6. Nc3 c5 7. cxd5 cxd4 8. Nxd4 Nxd5 9. Bxe7 Nxe7 10. Rd1 Bd7 11. e3 Nbc6 12. Ndb5 a6 13. Nd6 Qc7 14. Be2 Nb4 15. Qb3 Nbd5 16. Nde4 Nxc3 17. Nxc3 Bc6 18. 0-0 b5 19. e4 Ng6 20. g3 Qb7 21. f3 h5 22. Qb4 Qb6+ 23. Qd4 Qxd4+ 24. Rxd4 1-0

[Event "BL2-West 1819"]
[Site "Germany"]
[Date "2019.04.07"]
[Round "9.5"]
[White "Skulener, Wladimir"]
[Black "Polaczek, Richard"]
[Result "1/2-1/2"]
[WhiteElo "2383"]
[BlackElo "2373"]
[PlyCount "31"]
[EventDate "2018.11.21"]
[EventType "team-tourn"]
[EventRounds "9"]
[EventCountry "GER"]
[SourceTitle "CBM 190 Extra"]
[Source "ChessBase"]
[SourceDate "2019.07.15"]
[SourceVersion "1"]
[SourceVersionDate "2019.07.15"]
[SourceQuality "1"]
[WhiteTeam "Aachen DJK II"]
[BlackTeam "Remagen Sinzig"]
[WhiteTeamCountry "GER"]
[BlackTeamCountry "GER"]

1. d4 d5 2. c4 c6 3. cxd5 cxd5 4. Nf3 Nf6 5. Nc3 Nc6 6. Bf4 Bf5 7. e3 e6 8. Bd3 Bxd3 9. Qxd3 Bd6 10. Bxd6 Qxd6 11. 0-0 0-0 12. Rac1 Rac8 13. a3 h6 14. Nb1 Ne7 15. Nbd2 Rc7 16. Rxc7 1/2-1/2

[Event "BL2-West 1819"]
[Site "Germany"]
[Date "2019.02.24"]
[Round "7.6"]
[White "Van Meegen, Ruud"]
[Black "Skulener, Wladimir"]
[Result "1/2-1/2"]
[WhiteElo "2247"]
[BlackElo "2383"]
[PlyCount "28"]
[EventDate "2018.11.21"]
[EventType "team-tourn"]
[EventRounds "9"]
[EventCountry "GER"]
[SourceTitle "CBM 190 Extra"]
[Source "ChessBase"]
[SourceDate "2019.07.15"]
[SourceVersion "1"]
[SourceVersionDate "2019.07.15"]
[SourceQuality "1"]
[WhiteTeam "Muelheim Nord II"]
[BlackTeam "Aachen DJK II"]
[WhiteTeamCountry "GER"]
[BlackTeamCountry "GER"]

1. Nf3 Nf6 2. c4 c6 3. Nc3 d5 4. e3 e6 5. d4 Nbd7 6. Qc2 Bd6 7. b3 Qe7 8. Bb2 0-0 9. Be2 b6 10. 0-0 Bb7 11. e4 dxe4 12. Nxe4 Nxe4 13. Qxe4 Nf6 14. Qh4 Ba3 1/2-1/2

[Event "BEL-chT 1819"]
[Site "Belgium"]
[Date "2019.02.10"]
[Round "7.6"]
[White "Orlov, Andrey"]
[Black "Skulener, Wladimir"]
[Result "1/2-1/2"]
[WhiteElo "2492"]
[BlackElo "2388"]
[PlyCount "46"]
[EventDate "2018.09.30"]
[EventType "team-tourn"]
[EventRounds "11"]
[EventCountry "BEL"]
[SourceTitle "CBM 189 Extra"]
[Source "ChessBase"]
[SourceDate "2019.06.03"]
[SourceVersion "1"]
[SourceVersionDate "2019.06.03"]
[SourceQuality "1"]
[WhiteTeam "Fontaine"]
[BlackTeam "Wirtzfeld"]
[WhiteTeamCountry "BEL"]
[BlackTeamCountry "BEL"]

1. e4 c6 2. d4 d5 3. exd5 cxd5 4. Bd3 Nc6 5. c3 g6 6. Bf4 Bg7 7. Nd2 Nf6 8. Ngf3 0-0 9. h3 Re8 10. 0-0 Bf5 11. Qe2 Bxd3 12. Qxd3 e6 13. a4 Rc8 14. Ne5 Nxe5 15. Bxe5 Nd7 16. Bg3 Nb8 17. Qb5 Qe7 18. a5 Qd7 19. Qxd7 Nxd7 20. Ra3 Nb8 21. Rb3 Re7 22. Ra1 Rd7 23. Nf3 Nc6 1/2-1/2

[Event "BL2-West 1819"]
[Site "Germany"]
[Date "2019.02.03"]
[Round "6.5"]
[White "Klein, Felix"]
[Black "Skulener, Wladimir"]
[Result "1/2-1/2"]
[WhiteElo "2329"]
[BlackElo "2383"]
[PlyCount "56"]
[EventDate "2018.11.21"]
[EventType "team-tourn"]
[EventRounds "9"]
[EventCountry "GER"]
[SourceTitle "CBM 190 Extra"]
[Source "ChessBase"]
[SourceDate "2019.07.15"]
[SourceVersion "1"]
[SourceVersionDate "2019.07.15"]
[SourceQuality "1"]
[WhiteTeam "Aachen SV"]
[BlackTeam "Aachen DJK II"]
[WhiteTeamCountry "GER"]
[BlackTeamCountry "GER"]

1. e4 c5 2. Nf3 e6 3. d4 cxd4 4. Nxd4 Nc6 5. Nc3 a6 6. Nxc6 bxc6 7. Bd3 d5 8. 0-0 Nf6 9. Re1 Be7 10. Qf3 0-0 11. Bf4 a5 12. e5 Nd7 13. Qh3 g6 14. Rad1 Nc5 15. Be2 Re8 16. Bf3 Rb8 17. Bc1 Bg5 18. Bxg5 Qxg5 19. b3 Nd7 20. Qg3 Qxg3 21. hxg3 Ba6 22. Na4 Bb5 23. Nb2 Nb6 24. Nd3 Bxd3 25. Rxd3 Rec8 26. Rd4 c5 27. Rh4 Kg7 28. Kf1 c4 1/2-1/2

[Event "BL2-West 1819"]
[Site "Germany"]
[Date "2018.11.25"]
[Round "3.6"]
[White "Skulener, Wladimir"]
[Black "Goebel, Constantin"]
[Result "1/2-1/2"]
[WhiteElo "2383"]
[BlackElo "2214"]
[PlyCount "33"]
[EventDate "2018.11.21"]
[EventType "team-tourn"]
[EventRounds "9"]
[EventCountry "GER"]
[SourceTitle "CBM 190 Extra"]
[Source "ChessBase"]
[SourceDate "2019.07.15"]
[SourceVersion "1"]
[SourceVersionDate "2019.07.15"]
[SourceQuality "1"]
[WhiteTeam "Aachen DJK II"]
[BlackTeam "Mainz Schott"]
[WhiteTeamCountry "GER"]
[BlackTeamCountry "GER"]

1. d4 Nf6 2. c4 e6 3. Nf3 Bb4+ 4. Bd2 c5 5. Bxb4 cxb4 6. a3 bxa3 7. Rxa3 0-0 8. Nc3 d6 9. g3 Nc6 10. Bg2 Re8 11. 0-0 e5 12. d5 Nb4 13. Nb5 Qb6 14. Qb3 a5 15. Qe3 Qd8 16. Rc3 Ra6 17. Ne1 1/2-1/2

[Event "BEL-chT 1718"]
[Site "Belgium"]
[Date "2018.04.22"]
[Round "10.6"]
[White "Lenaerts, Lennert"]
[Black "Skulener, Wladimir"]
[Result "1/2-1/2"]
[WhiteElo "2289"]
[BlackElo "2394"]
[PlyCount "48"]
[EventDate "2017.09.24"]
[EventType "team-tourn"]
[EventRounds "11"]
[EventCountry "BEL"]
[SourceTitle "EXT 2019"]
[Source "ChessBase"]
[SourceDate "2018.10.10"]
[SourceVersion "1"]
[SourceVersionDate "2018.10.10"]
[SourceQuality "1"]
[WhiteTeam "Liege Crelel"]
[BlackTeam "Wirtzfeld"]
[WhiteTeamCountry "BEL"]
[BlackTeamCountry "BEL"]

1. d4 d6 2. c4 e5 3. d5 g6 4. Nc3 Bg7 5. e4 Ne7 6. Bd3 0-0 7. g4 f5 8. f3 fxg4 9. fxg4 Na6 10. g5 Nc5 11. Be2 a5 12. Be3 Bd7 13. h4 c6 14. Bxc5 dxc5 15. Bg4 Rf4 16. Be6+ Bxe6 17. dxe6 Qd4 18. Qe2 Raf8 19. Rd1 Rf1+ 20. Qxf1 Rxf1+ 21. Kxf1 Qxc4+ 22. Nge2 Qxe6 23. Rd8+ Kf7 24. Ke1 Nc8 1/2-1/2

[Event "BL2-West 1718"]
[Site "Germany"]
[Date "2018.01.21"]
[Round "5.6"]
[White "Meessen, Rudolf"]
[Black "Skulener, Wladimir"]
[Result "1/2-1/2"]
[WhiteElo "2285"]
[BlackElo "2390"]
[PlyCount "31"]
[EventDate "2017.10.08"]
[EventType "team-tourn"]
[EventRounds "9"]
[EventCountry "GER"]
[SourceTitle "CBM 183 Extra"]
[Source "ChessBase"]
[SourceDate "2018.04.19"]
[SourceVersion "1"]
[SourceVersionDate "2018.04.19"]
[SourceQuality "1"]
[WhiteTeam "Aachen SV"]
[BlackTeam "Aachen DJK"]
[WhiteTeamCountry "GER"]
[BlackTeamCountry "GER"]

1. d4 f5 2. Nc3 d5 3. Bf4 e6 4. Nb5 Na6 5. e3 c6 6. Nc3 Nc7 7. Nf3 Nf6 8. Ne5 Bd6 9. Bd3 0-0 10. 0-0 Qe7 11. h3 Nd7 12. Ne2 Bxe5 13. Bxe5 Nxe5 14. dxe5 b6 15. c4 Bb7 16. Rc1 1/2-1/2

[Event "BEL-chT 1617"]
[Site "Belgium"]
[Date "2017.02.19"]
[Round "8.7"]
[White "Memeti, Kastriot"]
[Black "Skulener, Wladimir"]
[Result "0-1"]
[WhiteElo "2196"]
[BlackElo "2386"]
[PlyCount "67"]
[EventDate "2016.10.02"]
[EventType "team-tourn"]
[EventRounds "11"]
[EventCountry "BEL"]
[SourceTitle "EXT 2018"]
[Source "ChessBase"]
[SourceDate "2017.10.13"]
[SourceVersion "1"]
[SourceVersionDate "2017.10.13"]
[SourceQuality "1"]
[WhiteTeam "Amay"]
[BlackTeam "Wirtzfeld"]
[WhiteTeamCountry "BEL"]
[BlackTeamCountry "BEL"]

1. d4 Nf6 2. Bf4 g6 3. e3 Bg7 4. Nf3 c5 5. c3 Qb6 6. Qb3 0-0 7. Nbd2 d6 8. Be2 Qc7 9. h3 b6 10. 0-0 Bb7 11. a4 Nbd7 12. a5 Bd5 13. c4 Bb7 14. Qa3 e5 15. dxe5 dxe5 16. Bh2 Rfe8 17. Rfd1 Qc6 18. Rac1 Rad8 19. Bf1 Qe6 20. Ne1 Ne4 21. Nxe4 Bxe4 22. Nd3 f6 23. b4 Bf8 24. b5 Ba8 25. Nb2 Be7 26. Na4 f5 27. Nc3 Nf6 28. Qa4 Ne4 29. Nb1 Bf6 30. f3 Ng5 31. Nc3 e4 32. Rxd8 Rxd8 33. Bc7 exf3 34. Qc2 0-1

[Event "BEL-chT 1617"]
[Site "Belgium"]
[Date "2016.10.16"]
[Round "2.5"]
[White "Van der Stricht, Geert"]
[Black "Skulener, Wladimir"]
[Result "1/2-1/2"]
[WhiteElo "2379"]
[BlackElo "2386"]
[PlyCount "81"]
[EventDate "2016.10.02"]
[EventType "team-tourn"]
[EventRounds "11"]
[EventCountry "BEL"]
[SourceTitle "EXT 2017"]
[Source "ChessBase"]
[SourceDate "2016.10.25"]
[SourceVersion "1"]
[SourceVersionDate "2016.10.25"]
[SourceQuality "1"]
[WhiteTeam "KGSRL"]
[BlackTeam "Wirtzfeld"]
[WhiteTeamCountry "BEL"]
[BlackTeamCountry "BEL"]

1. d4 d5 2. c4 c6 3. Nf3 Nf6 4. Nc3 a6 5. e3 b5 6. c5 g6 7. Bd2 Bg7 8. b4 Bg4 9. a4 Nbd7 10. Be2 Bxf3 11. Bxf3 e5 12. 0-0 0-0 13. Ra2 Re8 14. Qb3 Qc7 15. Rfa1 Rab8 16. axb5 axb5 17. g3 Bh6 18. Qd1 exd4 19. exd4 Bxd2 20. Qxd2 Nf8 21. Bg2 Kg7 22. h4 h5 23. Ra6 Re7 24. Bh3 Ne4 25. Nxe4 Rxe4 26. Ra7 Rb7 27. Rxb7 Qxb7 28. Bg2 Re7 29. Bh3 Re4 30. Bg2 Re7 31. Ra3 Qd7 32. Ra6 Ne6 33. Bh3 f5 34. Ra1 Qe8 35. Bf1 Qf7 36. Ra6 Rc7 37. Qe3 Qf6 38. Bxb5 Nxd4 39. Bf1 Re7 40. Qf4 Qe5 41. Qxe5+ 1/2-1/2

[Event "Oberliga NRW 1617"]
[Site "Germany"]
[Date "2016.09.25"]
[Round "1.4"]
[White "Walter, Andreas"]
[Black "Skulener, Wladimir"]
[Result "1/2-1/2"]
[WhiteElo "2129"]
[BlackElo "2388"]
[PlyCount "28"]
[EventDate "2016.09.25"]
[EventType "team-tourn"]
[EventRounds "9"]
[EventCountry "GER"]
[SourceTitle "EXT 2020"]
[Source "ChessBase"]
[SourceDate "2019.10.17"]
[SourceVersion "1"]
[SourceVersionDate "2019.10.17"]
[SourceQuality "1"]
[WhiteTeam "Dinslaken"]
[BlackTeam "Aachen Aufwaerts II"]
[WhiteTeamCountry "GER"]
[BlackTeamCountry "GER"]

1. e4 Nf6 2. e5 Nd5 3. c4 Nb6 4. d4 d6 5. f4 Bf5 6. Nc3 e6 7. Be3 dxe5 8. fxe5 Bb4 9. Nf3 c5 10. Qb3 Nc6 11. dxc5 Nd7 12. 0-0-0 Qe7 13. Nb5 0-0 14. a3 Bxc5 1/2-1/2

[Event "Oberliga NRW 1516"]
[Site "Germany"]
[Date "2016.05.08"]
[Round "9.1"]
[White "Skulener, Wladimir"]
[Black "Coenen, Michael"]
[Result "1/2-1/2"]
[WhiteElo "2299"]
[BlackElo "2341"]
[PlyCount "20"]
[EventDate "2015.09.27"]
[EventType "team-tourn"]
[EventRounds "9"]
[EventCountry "GER"]
[SourceTitle "EXT 2017"]
[Source "ChessBase"]
[SourceDate "2016.10.25"]
[SourceVersion "1"]
[SourceVersionDate "2016.10.25"]
[SourceQuality "1"]
[WhiteTeam "Aachen Aufwaerts II"]
[BlackTeam "Duesseldorf"]
[WhiteTeamCountry "GER"]
[BlackTeamCountry "GER"]

1. d4 d5 2. Nf3 Nf6 3. c4 c6 4. Nc3 e6 5. Qb3 Be7 6. Bg5 Nbd7 7. e3 0-0 8. Be2 Re8 9. 0-0 h6 10. Bh4 Qb6 1/2-1/2

[Event "BL2-West 1516"]
[Site "Germany"]
[Date "2016.04.24"]
[Round "2.7"]
[White "Hoenig, Alexander"]
[Black "Skulener, Wladimir"]
[Result "0-1"]
[WhiteElo "2224"]
[BlackElo "2382"]
[PlyCount "92"]
[EventDate "2015.09.20"]
[EventType "team-tourn"]
[EventRounds "9"]
[EventCountry "GER"]
[SourceTitle "EXT 2017"]
[Source "ChessBase"]
[SourceDate "2016.10.25"]
[SourceVersion "1"]
[SourceVersionDate "2016.10.25"]
[SourceQuality "1"]
[WhiteTeam "Dinslaken"]
[BlackTeam "Aachen DJK"]
[WhiteTeamCountry "GER"]
[BlackTeamCountry "GER"]

1. d4 f5 2. g3 Nf6 3. Bg2 g6 4. c3 Bg7 5. Qb3 Nc6 6. Nf3 e6 7. 0-0 0-0 8. Nbd2 Kh8 9. Ne1 e5 10. Bxc6 bxc6 11. dxe5 Ng4 12. f4 d6 13. h3 Ne3 14. Rf3 Nd5 15. Nd3 Be6 16. c4 Nb6 17. Kh2 c5 18. Qc2 Nd7 19. b3 dxe5 20. Nxe5 Nxe5 21. fxe5 Bxe5 22. Bb2 Qf6 23. Bxe5 Qxe5 24. Qc3 Qxc3 25. Rxc3 Rad8 26. Nf3 Bc8 27. Re3 Rfe8 28. Rxe8+ Rxe8 29. Ng1 Rd8 30. Nf3 Re8 31. Re1 Bb7 32. Kg2 Kg7 33. Kf2 Rd8 34. Rc1 Kf6 35. h4 Rd6 36. Rc2 Be4 37. Rd2 Bxf3 38. Rxd6+ cxd6 39. Kxf3 Ke5 40. Ke3 a5 41. a3 h6 42. a4 h5 43. Kf3 Kd4 44. Kf4 Kc3 45. Ke3 Kxb3 46. Kd3 Kb4 0-1

[Event "BEL-chT 1516"]
[Site "Belgium"]
[Date "2016.04.17"]
[Round "10.8"]
[White "Munster, Pierre"]
[Black "Skulener, Wladimir"]
[Result "0-1"]
[WhiteElo "2045"]
[BlackElo "2371"]
[PlyCount "58"]
[EventDate "2015.09.27"]
[EventType "team-tourn"]
[EventRounds "11"]
[EventCountry "BEL"]
[SourceTitle "EXT 2017"]
[Source "ChessBase"]
[SourceDate "2016.10.25"]
[SourceVersion "1"]
[SourceVersionDate "2016.10.25"]
[SourceQuality "1"]
[WhiteTeam "Amay"]
[BlackTeam "Wirtzfeld"]
[WhiteTeamCountry "BEL"]
[BlackTeamCountry "BEL"]

1. Nf3 f5 2. d3 d5 3. g3 Nc6 4. Bg2 e5 5. c4 dxc4 6. Qa4 Bd6 7. Qxc4 Qe7 8. Nc3 Nf6 9. Bg5 Be6 10. Bxf6 Qxf6 11. Qa4 0-0 12. 0-0 Kh8 13. a3 a6 14. e3 Rab8 15. Rac1 b5 16. Qh4 Qxh4 17. Nxh4 Ne7 18. f4 exf4 19. gxf4 b4 20. axb4 Rxb4 21. Rf2 g5 22. Nf3 gxf4 23. exf4 Ng6 24. Ng5 Bg8 25. Nd5 Bxd5 26. Bxd5 Bxf4 27. Nf7+ Rxf7 28. Rxf4 Nxf4 29. Bxf7 Ne2+ 0-1

[Event "Oberliga NRW 1516"]
[Site "Germany"]
[Date "2016.02.14"]
[Round "6.2"]
[White "Skulener, Wladimir"]
[Black "Hopman, Pieter"]
[Result "0-1"]
[WhiteElo "2299"]
[BlackElo "2319"]
[PlyCount "64"]
[EventDate "2015.09.27"]
[EventType "team-tourn"]
[EventRounds "9"]
[EventCountry "GER"]
[SourceTitle "EXT 2017"]
[Source "ChessBase"]
[SourceDate "2016.10.25"]
[SourceVersion "1"]
[SourceVersionDate "2016.10.25"]
[SourceQuality "1"]
[WhiteTeam "Aachen Aufwaerts II"]
[BlackTeam "Wattenscheid"]
[WhiteTeamCountry "GER"]
[BlackTeamCountry "GER"]

1. d4 d6 2. e4 Nf6 3. f3 d5 4. e5 Ng8 5. c4 e6 6. Nc3 Ne7 7. Be3 c5 8. dxc5 Nf5 9. Bf2 d4 10. Ne4 Bxc5 11. Nxc5 Qa5+ 12. Qd2 Qxc5 13. f4 Nc6 14. Nf3 b6 15. 0-0-0 Bb7 16. Nxd4 Ncxd4 17. Bxd4 Qc7 18. Bc3 0-0 19. Bd3 Rfd8 20. Qe2 Ba6 21. Rd2 g6 22. Kb1 Rac8 23. Rc1 Rd7 24. g4 Nd4 25. Qe3 Rcd8 26. f5 Qc5 27. f6 Nb3 28. Qh6 Nxd2+ 29. Bxd2 Qf8 30. Qxf8+ Rxf8 31. Rc3 Rfd8 32. Kc2 Bb7 0-1

[Event "BL2-West 1516"]
[Site "Germany"]
[Date "2016.01.31"]
[Round "6.8"]
[White "Bus, Tom"]
[Black "Skulener, Wladimir"]
[Result "0-1"]
[WhiteElo "2176"]
[BlackElo "2383"]
[PlyCount "62"]
[EventDate "2015.09.20"]
[EventType "team-tourn"]
[EventRounds "9"]
[EventCountry "GER"]
[SourceTitle "EXT 2017"]
[Source "ChessBase"]
[SourceDate "2016.10.25"]
[SourceVersion "1"]
[SourceVersionDate "2016.10.25"]
[SourceQuality "1"]
[WhiteTeam "Muelheim II"]
[BlackTeam "Aachen DJK"]
[WhiteTeamCountry "GER"]
[BlackTeamCountry "GER"]

1. c4 f5 2. g3 Nf6 3. Bg2 d6 4. Nc3 e5 5. d3 Be7 6. Nf3 0-0 7. 0-0 Qe8 8. Nd5 Bd8 9. Bg5 Nbd7 10. b4 Nxd5 11. cxd5 e4 12. dxe4 fxe4 13. Nd4 Bxg5 14. Ne6 Bd8 15. Nxf8 Kxf8 16. Rc1 Nf6 17. Qd4 Kg8 18. Kh1 Bd7 19. f3 b6 20. f4 Bf5 21. h3 h5 22. Rfd1 a5 23. a3 Qb5 24. e3 axb4 25. Bf1 Qd7 26. axb4 Bxh3 27. Bc4 Bg4 28. Ra1 Bf3+ 29. Kh2 Rb8 30. Rd2 Ng4+ 31. Kg1 Bf6 0-1

[Event "NRW Class2 1415"]
[Site "Germany"]
[Date "2014.12.14"]
[Round "4.3"]
[White "Plassmann, Dominik"]
[Black "Skulener, Wladimir"]
[Result "0-1"]
[WhiteElo "2003"]
[BlackElo "2282"]
[PlyCount "70"]
[EventDate "2014.09.14"]
[EventType "team-tourn"]
[EventRounds "9"]
[EventCountry "GER"]
[SourceTitle "EXT 2017"]
[Source "ChessBase"]
[SourceDate "2016.10.25"]
[SourceVersion "1"]
[SourceVersionDate "2016.10.25"]
[SourceQuality "1"]
[WhiteTeam "Guetersloh"]
[BlackTeam "Aachen Aufwaerts II"]
[WhiteTeamCountry "GER"]
[BlackTeamCountry "GER"]

1. e4 Nf6 2. e5 Nd5 3. c4 Nb6 4. d4 d6 5. exd6 cxd6 6. Nc3 g6 7. Be3 Bg7 8. Rc1 0-0 9. b3 Bf5 10. Nf3 d5 11. c5 Nc8 12. Be2 Nc6 13. 0-0 Bg4 14. b4 a6 15. Qa4 Ra7 16. Qb3 e6 17. b5 axb5 18. Nxb5 Ra8 19. Rfd1 Qd7 20. Bf4 N8e7 21. Nd6 Bxf3 22. Bxf3 Nxd4 23. Qxb7 Qxb7 24. Nxb7 Rxa2 25. Bd6 Re8 26. Bxe7 Rxe7 27. Nd6 h5 28. h3 Nb3 29. c6 Nxc1 30. Rxc1 Ra1 31. Rxa1 Bxa1 32. Nb5 Be5 33. Kf1 Re8 34. Be2 Rc8 35. Na7 Ra8 0-1

[Event "Mittelrhein Regionalliga 1314"]
[Site "Mittelrhein"]
[Date "2014.03.09"]
[Round "8.2"]
[White "Skulener, Wladimir"]
[Black "Hoppe, Thilo"]
[Result "1-0"]
[WhiteElo "2296"]
[BlackElo "2186"]
[PlyCount "79"]
[EventDate "2013.09.15"]
[EventType "team-tourn"]
[EventRounds "11"]
[EventCountry "GER"]
[SourceTitle "EXT 2023"]
[Source "ChessBase"]
[SourceDate "2022.10.05"]
[SourceVersion "1"]
[SourceVersionDate "2022.10.05"]
[SourceQuality "1"]
[WhiteTeam "Aachen DJK Aufwaerts III"]
[BlackTeam "Bonn Beuel"]
[WhiteTeamCountry "GER"]
[BlackTeamCountry "GER"]

1. d4 f5 2. c4 Nf6 3. Nc3 g6 4. h4 d6 5. h5 Rg8 6. hxg6 hxg6 7. Nf3 c6 8. g3 Qa5 9. Bd2 Qb6 10. Qc2 Na6 11. a3 Bd7 12. b4 Qc7 13. Bf4 Be6 14. e4 fxe4 15. Nxe4 Nxe4 16. Qxe4 Qd7 17. Qe3 Nc7 18. Ng5 Bf5 19. f3 Bg7 20. Rd1 Bf6 21. g4 Bxg5 22. Bxg5 Be6 23. Rh7 Bf7 24. Kf2 Ne6 25. Re1 Nxg5 26. Qxg5 e6 27. d5 e5 28. f4 Qe7 29. Qxe7+ Kxe7 30. fxe5 dxe5 31. d6+ Kf8 32. Rxe5 Rd8 33. c5 Rd7 34. Bc4 Rg7 35. Rh8+ Rg8 36. Rxg8+ Bxg8 37. Bxg8 Kxg8 38. Re8+ Kf7 39. Rc8 Ke6 40. Ke3 1-0

[Event "BEL-chT 1213"]
[Site "Belgium"]
[Date "2013.02.17"]
[Round "9.8"]
[White "Skulener, Wladimir"]
[Black "Vanheirzeele, Daniel"]
[Result "1-0"]
[WhiteElo "2364"]
[BlackElo "2125"]
[PlyCount "73"]
[EventDate "2012.09.23"]
[EventType "team-tourn"]
[EventRounds "11"]
[EventCountry "BEL"]
[SourceTitle "EXT 2014"]
[Source "ChessBase"]
[SourceDate "2013.11.20"]
[SourceVersion "1"]
[SourceVersionDate "2013.11.20"]
[SourceQuality "1"]
[WhiteTeam "Eynatten"]
[BlackTeam "KGSRL"]
[WhiteTeamCountry "BEL"]
[BlackTeamCountry "BEL"]

1. d4 Nf6 2. c4 e6 3. Nf3 b6 4. g3 Ba6 5. Qc2 Nc6 6. e4 Bb7 7. Nc3 Bb4 8. Bd3 Bd6 9. a3 e5 10. d5 Ne7 11. Nb5 Nc8 12. b4 c6 13. Nxd6+ Nxd6 14. Bb2 cxd5 15. cxd5 Bxd5 16. exd5 e4 17. 0-0 Rc8 18. Qb1 exf3 19. Re1+ Kf8 20. Qd1 h5 21. Qxf3 h4 22. Ba6 Rc2 23. Be5 Nc4 24. Bd4 hxg3 25. hxg3 Nd2 26. Qf5 Rh5 27. Qxc2 Nf3+ 28. Kg2 Nxd4 29. Qc4 Rxd5 30. Rac1 g6 31. Bb7 Rd6 32. Qc8 Qxc8 33. Rxc8+ Kg7 34. Rd1 Nb5 35. Rxd6 Nxd6 36. Rb8 Nfe4 37. Bxe4 1-0